Countries with Only One Premier League Footballer - Statistics

General Stats
  • This quiz has been taken 52 times
    5 since last reset
  • The average score is 13 of 18
Answer Stats
Country Confederation Player % Correct
Armenia UEFA Henrikh Mkhitaryan
100%
Faroe Islands UEFA Gunnar Nielsen
100%
Cuba CONCACAF Onel Hernández
75%
Dominican Republic CONCACAF Junior Firpo
75%
Equatorial Guinea CAF Pedro Obiang
75%
Gambia CAF Modou Barrow
75%
Gibraltar UEFA Danny Higginbotham
75%
Indonesia AFC Jordi Amat
75%
Kenya CAF Victor Wanyama
75%
Oman AFC Ali Al-Habsi
75%
Pakistan AFC Zesh Rehman
75%
Suriname CONCACAF Ryan Donk
75%
Tanzania CAF Mbwana Samatta
75%
Central African Republic CAF Frédéric Nimani
50%
Guatemala CONCACAF Nathaniel Mendez-Laing
50%
Guinea-Bissau CAF Mesca
50%
Malta UEFA Dylan Kerr
50%
Philippines AFC Neil Etheridge
50%
No matching quizzes found
Score Distribution
Percent of People with Each Score
Percentile by Number Answered
Your Score History
You have not taken this quiz since the last reset